Keanu Reeves - Roles by Picture - Statistics

General Stats
  • This quiz has been taken 15 times
  • The average score is 10 of 67
Answer Stats
Picture Answer % Correct
John Wick
86%
Neo / Thomas A. Anderson
86%
Batman / Bruce Wayne
79%
Ted 'Theodore' Logan
64%
Duke Caboom
36%
Jack Traven
36%
John Constantine
36%
Johnny Utah
36%
Johnny Silverhand
29%
Jonathan Harker
21%
Scott Favor
21%
Tod Higgins
21%
David Allen Griffin
14%
Don John
14%
Evan Webber
14%
Hank
14%
John Wall
14%
Klaatu
14%
Lucas Hill
14%
Matt
14%
Ortiz the Dog Boy
14%
Sage
14%
Stereo Teen #1
14%
Tex Johnson
14%
Alex Wyler
7%
Bob
7%
Bob Arctor
7%
Buddy Martin
7%
Chevalier Danceny
7%
Chris Nadeau
7%
Chris Townsend
7%
Conor O'Neill
7%
Derek
7%
Det. Scott Galban
7%
Det. Tom Ludlow
7%
Donaka Mark
7%
Donnie Barksdale
7%
Dr. Perry Lyman
7%
Dr. William Beckham
7%
Eddie Kasalivich
7%
Eddie Talbot
7%
Frank
7%
Harry
7%
Heaver
7%
Henry Torne
7%
Jack Fenton / Jack-be-Nimble
7%
Jjaks Clayton
7%
Joey
7%
Johnny Mnemonic
7%
Julian Gitche
7%
Julian Mercer
7%
Kai
7%
Kevin Lomax
7%
Marlon James
7%
Martin Loader
7%
Michael Riley (17)
7%
Nelson Moss
7%
Richard Ramsay
7%
Ron Petrie
7%
Rupert Marshetta
7%
Sgt. Paul Sutton
7%
Shane Falco
7%
Siddhartha
7%
The Dream
7%
Tommy Warneki
7%
William Foster
7%
Winston Connelly
7%
No matching quizzes found
Score Distribution
Percent of People with Each Score
Percentile by Number Answered
Your Score History
You have not taken this quiz